00933 2200325 4500001002100000005001500021035002000036007000300056008004100059082000800100084001400108100002600122245011600148260009500264300004700359500001300406650002100419700002700440504003000467990001100497990001100508990001100519990001100530990001100541990001100552990001100563990001100574990001100585990001100596INLIS00000000000529920200206012712 a0010-0220000017ta200206 g 0 ind  a745 a745 BAM r0 aBAMBANG, Haryo Suseno1 aRagam Hias Kain Cual Mentok + Ornaments Kain Cual Mentok /cBambang Haryo Suseno; editor, Semiarto Aji Purwanto aPangkalpinang :bDinas Kebudayaan dan Pariwisata Provinsi Kepulauan Bangka Belitung,c2019 axiii, 91 hlm. + 85 hlm. :bilus. ;c25 cm. aLampiran 4aKERAJINAN TANGAN0 aSEMIARTI, Aji Purwanto aBibliografi : hlm. xi-xii a7321 a a7321 b a7321 c a7321 d a7321 e a7321 f a7321 g a7321 h a7321 i a7321 j